| 000 | 00554nam a22002057a 4500 | ||
|---|---|---|---|
| 003 | OSt | ||
| 005 | 20220107122735.0 | ||
| 008 | 140416b xxu||||| |||| 00| 0 eng d | ||
| 020 | _a9789332502161 | ||
| 040 | _cIIITM-K | ||
| 082 | _a658.404 HOR/P | ||
| 100 |
_aHorine, Grigory M _94038 |
||
| 245 |
_aProject management: _bAbsolute beginner's guide _cby Grigory M Horine |
||
| 250 | _a3rd ed. | ||
| 260 |
_aNew Delhi, _bPearson, _c2013. |
||
| 300 | _axiii, 429p. | ||
| 650 |
_aMANAGEMENT _94039 |
||
| 650 |
_aPROJECT MANAGEMENT _94040 |
||
| 942 |
_2ddc _cBK |
||
| 999 |
_c3821 _d3821 |
||